000 01040nas1a22002891i 4500
001 RU\NLR\INFOCOMM10\1000246175
005 20240726080154.0
011 _a0862-9652
035 _a(NLR Aleph) 002545800
090 _a2975469
_c2975469
100 _a20040507c1991 |||y0rusy50 ca
101 0 _arus
102 _aRU
110 _aafa||||0|y0
200 1 _aМужество
_eЕжемес. лит. худож. и ист. журн.
210 _aМ.
_d1991-
801 1 _aRU
_bInfoComm
_c20040507
801 0 _aRU
_bNLR
_gPSBO
852 _aNLR
_jП34/938
942 _cJOURNAL
980 _aRUSPER